Etiqueta de registo: 00000nam 2200025 450
001 1969671
003 http://id.bnportugal.gov.pt/bib/catbnp/1969671
021 ## $aPT$b422632/17
100 ## $a20170817d2017 m y0pory01030103ba
101 0# $apor
102 ## $aPT
105 ## $aa z 000yy
106 ## $ar
200 1# $aMissionários do Espírito Santo em Portugal, 1867-2017$e150 anos de missão$fAristides Neiva
210 #9 $aLisboa$cLIAM,$d2017
215 ## $a42 p.$cil.$d19 cm
675 ## $a272-784-9(469)"1867/2017"$vBN$zpor$31693613
700 #1 $aNeiva,$bAristides$31689177
801 #0 $aPT$bBN$gRPC
856 41 $uhttp://rnod.bnportugal.gov.pt/ImagesBN/winlibimg.aspx?skey=&doc=1969671&img=99108&save=true
900 ## $aBIBNAC$d20171016
966 ## $lBN$mFGMON$sR. 44733 P.$x1
966 ## $lBN$mFGMON$sR. 44733 P.-D$x1
Etiqueta de registo: 00254nam 2200025 450
001 2286519
003 http://id.bnportugal.gov.pt/bib/catbnp/2286519
010 ## $a978-989-35245-5-8
021 ## $aPT$b560128/26
100 ## $a20260519d2026 m y0pory01030103ba
101 0# $apor
102 ## $aPT
105 ## $ay z 000yy
106 ## $ar
200 1# $a Um coração missionário$ftextos Tony Neves... [et al.]$gcoord. e textos Aristides Neiva
210 #9 $aLisboa$cMissionários do Espírito Santo,$dD.L. 2026
215 ## $a85, [2] p.$d21 cm
675 ## $a272-583$vBN$zpor$31245211
675 ## $a272-76$vBN$zpor$31245748
701 #1 $aNeves,$bTony,$f1962-$cC.S.Sp.$4070$358857
702 #1 $aNeiva,$bAristides$4340$31689177
801 #0 $aPT$bBN$gRPC
856 41 $uhttp://rnod.bnportugal.gov.pt/ImagesBN/winlibimg.aspx?skey=&doc=2286519&img=223575&save=true
966 ## $lBN$mFGMON$sR. 33518 V.$x1
966 ## $lBN$mFGMON$sR. 33518 V.-D$x1
971 ## $casantos$d20260519
973 ## $csteixeira$d20260618